000 00660nam a2200253Ia 4500
003 OSt
005 20220918111520.0
006 a|||||r|||| 00| 0
007 cj aa aaaaa
008 220917b |||||||| |||| 00| 0 eng d
024 _a87075
037 _cDigitized Books
040 _aARTS
_cARTS
_beng
041 _2eng
_aeng
082 _a"S:9, H2-;2"
100 _aPoffenberger A T
_910629
245 0 _aPrinciples of applied psychology
260 _c1942
300 _ap.
_ccm.
500 _aAL0112273 is digitized.
650 _aPSYCHOLOGY
942 _h"S:9, H2-;2"
_cEBOOK
_2CC
999 _c116687
_d116687